Los servicios agrícolas y pecuarios de la Diputación de Guipuzcoa (Record no. 192869)

MARC details
000 -LEADER
campo de control de longitud fija 00763nam a22002171 4500
001 - NÚMERO DE CONTROL
campo de control 192869
003 - IDENTIFICADOR DE NÚMERO DE CONTROL
campo de control SpMaBN
005 - FECHA Y HORA DE LA ÚLTIMA TRANSACCIÓN
campo de control 20240129115707.0
008 - DATOS DE LONGITUD FIJA--INFORMACIÓN GENERAL
campo de control de longitud fija 981210s1929 sp spa
016 7# - NÚMERO DE CONTROL DE UNA AGENCIA BIBLIOGRÁFICA NACIONAL
Número de control del registro bimoBNE20000193834
Número de control cancelado/no válido IND9800832228
Fuente SpMaBN
035 ## - NÚMERO DE CONTROL DEL SISTEMA
Número de control de sistema (OCoLC)432722415
040 ## - FUENTE DE CATALOGACIÓN
Centro catalogador/agencia de origen SpMaBN
Lengua de catalogación spa
Centro/agencia transcriptor CDM
Centro/agencia modificador ES-MaACL
245 04 - MENCIÓN DEL TÍTULO
Título Los servicios agrícolas y pecuarios de la Diputación de Guipuzcoa
260 ## - PUBLICACIÓN, DISTRIBUCIÓN, ETC.
Lugar de publicación, distribución, etc. Madrid:
Nombre del editor, distribuidor, etc. [Julio Cosano,
Fecha de publicación, distribución, etc. 1929?]
300 ## - DESCRIPCIÓN FÍSICA
Extensión 37 p. ;
Dimensiones 22 cm
500 ## - NOTA GENERAL
Nota general Es tirada aparte del Boletín de Agricultura Técnica y Económica correspondiente al Suplemento 2º del nº 252
650 #4 - PUNTO DE ACCESO ADICIONAL DE MATERIA--TÉRMINO DE MATERIA
9 (RLIN) 9680
Término de materia o nombre geográfico como elemento de entrada Agricultura
Subdivisión geográfica España
942 ## - ELEMENTOS DE ENTRADA SECUNDARIOS (KOHA)
Fuente del sistema de clasificación o colocación Clasificación decimal universal
Tipo de ítem Koha Libro impreso
Suprimir en OPAC No
Holdings
Estatus retirado Estado de pérdida Estado de daño No para préstamo Colección Biblioteca de origen Biblioteca actual Ubicación en estantería Fecha de adquisición Fuente de adquisición Total de préstamos Signatura topográfica completa Código de barras Visto por última vez Precio de reemplazo Tipo de ítem Koha
        Colección de folletos Biblioteca del Ateneo de Madrid Biblioteca del Ateneo de Madrid Depósito folletos 17/01/2008     1733-F-17 1149414 23/02/2023 23/02/2023 Folleto